Vegetative incompatibility in Aspergillus niger
Elmentve itt :
| Szerző: | |
|---|---|
| Dokumentumtípus: | Cikk |
| Megjelent: |
2005
|
| Sorozat: | Acta biologica Szegediensis
49 No. 3-4 |
| Kulcsszavak: | Természettudomány, Biológia |
| Online Access: | http://acta.bibl.u-szeged.hu/22751 |
| LEADER | 00601nab a2200181 i 4500 | ||
|---|---|---|---|
| 001 | acta22751 | ||
| 005 | 20210413110929.0 | ||
| 008 | 161017s2005 hu o 0|| eng d | ||
| 022 | |a 1588-385X | ||
| 040 | |a SZTE Egyetemi Kiadványok Repozitórium |b hun | ||
| 041 | |a eng | ||
| 100 | 1 | |a Pál Károly | |
| 245 | 1 | 0 | |a Vegetative incompatibility in Aspergillus niger |h [elektronikus dokumentum] / |c Pál Károly |
| 260 | |c 2005 | ||
| 300 | |a 57 | ||
| 490 | 0 | |a Acta biologica Szegediensis |v 49 No. 3-4 | |
| 695 | |a Természettudomány, Biológia | ||
| 856 | 4 | 0 | |u http://acta.bibl.u-szeged.hu/22751/1/4957.pdf |z Dokumentum-elérés |